Top 15 Milwaukee Bucks players all-time - Statistics

General Stats
  • This quiz has been taken 21 times
  • The average score is 8 of 15
Answer Stats
Pos/Placement Answer % Correct
PF #2 Giannis Antetokounmpo
95%
C #1 Kareem Abdul-Jabbar
95%
PG #3 Oscar Robertson
75%
SF #12 Khris Middleton
70%
PG #5 Sidney Moncrief
70%
SG #4 Ray Allen
65%
SF #7 Glenn Robinson
55%
SF #9 Michael Redd
55%
PG #6 Marques Johnson
50%
C #10 Vin Baker
45%
PF #11 Terry Cummings
40%
SF #8 Bob Dandridge
35%
SF #15 Brian Winters
30%
PG #13 Sam Cassell
30%
SG #14 Jon Mcglocklin
25%
No matching quizzes found
Score Distribution
Percent of People with Each Score
Percentile by Number Answered
Your Score History
You have not taken this quiz